000 00207 a2200097 4500
001 29305
100 _aModoodi
245 _aRasail-o-Masail (Vol-III)
260 _a
_bPak Is lamia
_c
090 _c19522
_d19522
942 _aNUST-CAE
_cM
_c10583
999 _c264378
_d264378